000 00366pab a2200145 454500
008 180718b1984 xxu||||| |||| 00| 0 eng d
100 _aAndrain, Charles F.
245 _aCapitalism and Democracy reappraised
_bA review easay
260 _c1984
300 _a652-64
362 _aDec.
650 _aDemocracy
773 _aWestern Political Quarterly
909 _a7155
999 _c7155
_d7155